[Event "London Classic Open 2015"]
[Site "London ENG"]
[Date "2015.12.11"]
[Round "9.76"]
[White "Edwards, Simon R"]
[Black "Hill, Alistair"]
[Result "0-1"]
[WhiteElo "1945"]
[BlackElo "2157"]
[WhiteFideId "406821"]
[BlackFideId "432407"]
[EventDate "2015.12.04"]

1. e4 c5 2. Nf3 Nc6 3. d4 cxd4 4. Nxd4 Nf6 5. Nc3 e5 6. Ndb5 d6 7. Bg5 a6 8. Na3
b5 9. Bxf6 gxf6 10. Nd5 f5 11. Bd3 Be6 12. c3 Bg7 13. Nxb5 axb5 14. Bxb5 Rc8 15.
Qa4 Bd7 16. exf5 O-O 17. O-O e4 18. Rfe1 Re8 19. Rxe4 Re5 20. Rxe5 Nxe5 21. Bxd7
Nxd7 22. Qe4 Nf6 23. Nxf6+ Bxf6 24. Rd1 Qe7 25. Qg4+ Kh8 26. g3 Rb8 27. b3 Bxc3
28. Qc4 Be5 29. Qd5 Qa7 30. a4 Kg7 31. Rd3 Qc5 32. Qe4 Rb4 33. Qf3 Kf6 34. Qh5
Qc1+ 35. Rd1 Qc2 36. Qh6+ Ke7 37. f6+ Bxf6 38. Rc1 Qf5 39. Rc7+ Ke8 40. Qd2 Rd4
41. Qc1 Kf8 42. Qh6+ Kg8 43. Ra7 Rd1+ 44. Kg2 Qe4+ 45. Kh3 Bd4 0-1

[Event "London Classic Open 2015"]
[Site "London ENG"]
[Date "2015.12.11"]
[Round "9.78"]
[White "Salimbeni, George P W"]
[Black "Lochte, Szilvia"]
[Result "0-1"]
[WhiteElo "2107"]
[BlackElo "1914"]
[WhiteFideId "404080"]
[BlackFideId "708410"]
[EventDate "2015.12.04"]

1. e4 c5 2. Nf3 e6 3. b3 d5 4. Bb5+ Bd7 5. Bxd7+ Nxd7 6. exd5 exd5 7. O-O Bd6 8.
Bb2 Ngf6 9. Re1+ Kf8 10. d4 Rc8 11. dxc5 Nxc5 12. Nc3 Ne6 13. g3 Bb4 14. Re3 d4
15. Rd3 Bxc3 16. Bxc3 Rxc3 17. Nxd4 Rxd3 18. Nxe6+ fxe6 19. cxd3 Kf7 0-1

[Event "London Classic Open 2015"]
[Site "London ENG"]
[Date "2015.12.11"]
[Round "9.79"]
[White "Jamroz, Krzysztof"]
[Black "Phillips, William"]
[Result "1-0"]
[WhiteElo "2103"]
[BlackElo "1901"]
[WhiteFideId "1111850"]
[BlackFideId "414344"]
[EventDate "2015.12.04"]

1. e4 e5 2. Nf3 Nc6 3. Bb5 a6 4. Ba4 Nf6 5. O-O Be7 6. Re1 b5 7. Bb3 O-O 8. c3
d6 9. h3 Nb8 10. d4 Nbd7 11. Bg5 Bb7 12. Nbd2 c5 13. Bh4 Qc7 14. Bg3 c4 15. Bc2
Rfe8 16. Nh2 Bf8 17. d5 g6 18. Ng4 Bg7 19. Bh4 Nxg4 20. Qxg4 Nf6 21. Qf3 Nh5 22.
g4 Nf4 23. Bg3 Bc8 24. Bxf4 exf4 25. Qxf4 Qe7 26. Nf3 b4 27. Nd4 Be5 28. Qe3 Qf6
29. Ba4 Bxd4 30. Qxd4 Qxd4 31. cxd4 Re7 32. Rac1 Bb7 33. Bc6 Rc8 34. Rxc4 Bxc6
35. Rxc6 Rxc6 36. dxc6 d5 37. Rc1 1-0

[Event "London Classic Open 2015"]
[Site "London ENG"]
[Date "2015.12.11"]
[Round "9.80"]
[White "Jacob, Sydney J"]
[Black "Praczukowski, Stanislaw"]
[Result "0-1"]
[WhiteElo "1884"]
[BlackElo "2038"]
[WhiteFideId "419338"]
[BlackFideId "1182730"]
[EventDate "2015.12.04"]

1. c4 Nf6 2. g3 e5 3. Bg2 d5 4. cxd5 Nxd5 5. Nc3 Nb6 6. Nf3 Nc6 7. d3 Be7 8. O-O
O-O 9. Be3 Re8 10. Ne4 Bf8 11. Bc5 f5 12. Bxb6 fxe4 13. Bxc7 Qxc7 14. Ng5 h6 15.
Qb3+ Kh8 16. Nxe4 Nd4 17. Qd1 Bg4 18. f3 Be6 19. Qd2 Qb6 20. Kh1 Bb4 21. Nc3
Rac8 22. Qe3 Qa5 23. Rac1 Nf5 24. Qd2 Bc5 25. Ne4 Qxd2 26. Nxd2 Ne3 27. Rg1 Nxg2
28. Rxg2 Be3 29. Rd1 Rc2 30. Nf1 Bb6 31. e4 Rec8 32. b3 Bh3 33. Rgd2 Rxd2 34.
Nxd2 Rc2 0-1

[Event "London Classic Open 2015"]
[Site "London ENG"]
[Date "2015.12.11"]
[Round "9.81"]
[White "Rocco, Federico"]
[Black "Iyengar, Ilya"]
[Result "0-1"]
[WhiteElo "1855"]
[BlackElo "2023"]
[WhiteFideId "431362"]
[BlackFideId "405949"]
[EventDate "2015.12.04"]

1. e4 c5 2. Nf3 e6 3. d3 d5 4. Nbd2 Nf6 5. g3 Be7 6. Bg2 Nc6 7. O-O Qc7 8. Re1
O-O 9. a4 a6 10. Nf1 dxe4 11. dxe4 Rd8 12. Qe2 e5 13. c3 Rb8 14. Ne3 Nxe4 15.
Nc4 Nd6 16. Ncxe5 Nxe5 17. Nxe5 Re8 18. Bf4 Bf8 19. b4 cxb4 20. cxb4 Be6 21.
Rac1 Qb6 22. b5 axb5 23. axb5 Qxb5 24. Qxb5 Nxb5 25. Nd3 Bd6 26. Bxd6 Nxd6 27.
Nc5 b5 28. Bc6 Re7 29. Rcd1 Ne8 30. Bd7 Nf6 31. Bxe6 fxe6 32. Rxe6 Rxe6 33. Nxe6
b4 34. Nf4 b3 35. f3 b2 36. Rb1 Rb3 37. Kf2 g5 38. Ne2 Nd5 39. Ke1 Ne3 40. Kd2
Nc4+ 41. Kc2 Rxf3 42. Nd4 Rf2+ 43. Kc3 Ne3 44. Kd3 Nd5 45. h4 g4 46. Kc4 Ne3+
47. Kd3 Nf1 48. Nc2 Rf3+ 49. Kd4 Rb3 50. Rxf1 b1=Q 51. Rxb1 Rxb1 52. Ke4 h5 53.
Nd4 Rb4 54. Ke5 Kf7 55. Nf5 Rb5+ 56. Kf4 Kf6 57. Nd4 Rb4 58. Ke4 Ra4 59. Kd5 Ra3
60. Ne2 Rf3 61. Ke4 Kg6 62. Nf4+ Kh6 63. Ne2 Ra3 64. Nd4 Rc3 65. Nf5+ Kg6 66.
Ne7+ Kf7 67. Nf5 Rf3 68. Ke5 Rf1 69. Ne3 Re1 70. Kf4 Kg6 71. Ke4 Kf6 72. Kf4 Ke6
73. Nc2 Rf1+ 74. Ke4 Rf2 75. Nd4+ Kf6 76. Ke3 Rg2 77. Kf4 Rg1 78. Nc2 Rf1+ 79.
Ke4 Rf3 80. Ne3 Rxg3 81. Nd5+ Kg6 82. Ne7+ Kf7 83. Nf5 Rf3 84. Nd4 Ra3 0-1

[Event "London Classic Open 2015"]
[Site "London ENG"]
[Date "2015.12.11"]
[Round "9.82"]
[White "Barton, R Alan"]
[Black "Simpson, Ben"]
[Result "0-1"]
[WhiteElo "2012"]
[BlackElo "1865"]
[WhiteFideId "404233"]
[BlackFideId "444405"]
[EventDate "2015.12.04"]

1. e4 c5 2. Nc3 d6 3. f4 Nc6 4. Nf3 g6 5. Bc4 Bg7 6. O-O e6 7. f5 exf5 8. d3
Nge7 9. Qe1 O-O 10. Qh4 a6 11. Bg5 Qc7 12. Bd5 Be6 13. Rae1 Rae8 14. Bf6 Nd4 15.
Kh1 Qd7 16. Bxg7 Kxg7 17. Bxe6 fxe6 18. e5 Nec6 19. exd6 Qxd6 20. Qf2 e5 21. a4
b5 22. axb5 axb5 23. Nxd4 Nxd4 24. Nd1 Ra8 25. Ne3 Qc6 26. c3 Ne6 27. Ra1 Nf4
28. Rxa8 Rxa8 29. Qg3 Kf7 30. Qh4 h5 31. Qg5 Qf6 32. Qg3 Rd8 33. Rd1 Nxd3 34.
Qf3 e4 35. Qe2 f4 36. Nf1 Nf2+ 37. Qxf2 Rxd1 38. h3 Qd6 39. Kg1 Kg7 40. h4 Rb1
41. Kh2 e3 42. Qf3 e2 43. Qb7+ Kh6 0-1

[Event "London Classic Open 2015"]
[Site "London ENG"]
[Date "2015.12.11"]
[Round "9.83"]
[White "Gschwendtner, Stanislav"]
[Black "Miu, Marinel"]
[Result "1-0"]
[WhiteElo "2003"]
[BlackElo "1820"]
[WhiteFideId "307297"]
[BlackFideId "1220691"]
[EventDate "2015.12.04"]

1. c4 e6 2. Nf3 b6 3. g3 Bb7 4. Bg2 Ne7 5. b3 Ng6 6. h4 Ne5 7. Bb2 Nxf3+ 8. exf3
d6 9. O-O Nd7 10. d4 Be7 11. f4 Bxg2 12. Kxg2 Bf6 13. Nc3 O-O 14. Ne4 Be7 15. d5
e5 16. fxe5 dxe5 17. f4 Bd6 18. f5 f6 19. g4 Nc5 20. Qe2 Nxe4 21. Qxe4 a5 22. a4
Qe7 23. Rf3 Rad8 24. Raf1 Ba3 25. Bxa3 Qxa3 26. g5 Kh8 27. Rg3 Rg8 28. Kh3 Qb2
29. Rfg1 Qf2 30. R1g2 Qf1 31. Kh2 Rdf8 32. Rf3 Qd1 33. Rgf2 Re8 34. Rd3 Qh5 35.
Rg2 Rd8 36. g6 h6 37. Rc2 Rb8 38. d6 cxd6 39. Rxd6 Rbd8 40. Rcd2 Rb8 41. Rd7
Rgc8 42. R2d6 Rf8 43. Kg3 Rg8 44. Rxf6 gxf6 45. Rh7# 1-0

[Event "London Classic Open 2015"]
[Site "London ENG"]
[Date "2015.12.11"]
[Round "9.84"]
[White "Odeh, Kenneth"]
[Black "Brozel, Sacha"]
[Result "1-0"]
[WhiteElo "2000"]
[BlackElo "1801"]
[WhiteFideId "8500142"]
[BlackFideId "429317"]
[EventDate "2015.12.04"]

1. e4 c5 2. Nc3 e6 3. g3 Nc6 4. Bg2 Nf6 5. d3 Be7 6. Nge2 O-O 7. O-O d6 8. h3
Rb8 9. Be3 b5 10. Qd2 Qc7 11. f4 Nd7 12. f5 b4 13. Nd1 Nde5 14. g4 Rd8 15. Nf4
c4 16. b3 cxd3 17. cxd3 Bg5 18. Rc1 Bxf4 19. Bxf4 Ba6 20. Nb2 Qa5 21. Nc4 Bxc4
22. dxc4 Rb7 23. Rcd1 Rbd7 24. Kh1 Qc7 25. f6 Ng6 26. Bh6 gxf6 27. Qf2 d5 28.
exd5 exd5 29. Qxf6 Qe5 30. Qxc6 Rd6 31. Rxd5 Qe7 32. Rxd6 Rxd6 33. Qc8+ Rd8 34.
Qf5 Rd6 35. Bd5 1-0

[Event "London Classic Open 2015"]
[Site "London ENG"]
[Date "2015.12.11"]
[Round "9.85"]
[White "Cannon, Raymond C"]
[Black "Mulay, Partha"]
[Result "1-0"]
[WhiteElo "1985"]
[BlackElo "1780"]
[WhiteFideId "408018"]
[BlackFideId "436038"]
[EventDate "2015.12.04"]

1. e4 e6 2. d4 d5 3. Nd2 c5 4. dxc5 Nf6 5. exd5 Qxd5 6. Ngf3 Nc6 7. Bc4 Qxc5 8.
Qe2 Be7 9. Nb3 Qh5 10. Bf4 O-O 11. O-O-O Na5 12. Nxa5 Qxa5 13. Bd2 Qc5 14. Bc3
a6 15. Bd4 Qc7 16. Be5 Qc5 17. Bd3 Rd8 18. Nd4 Bd7 19. Nb3 Qc8 20. g4 Bc6 21.
Rhg1 b6 22. g5 Ne8 23. Rg3 g6 24. Nd4 Bd5 25. Kb1 Nd6 26. Qg4 Qd7 27. Qh3 Nc4
28. Qxh7+ 1-0

[Event "London Classic Open 2015"]
[Site "London ENG"]
[Date "2015.12.11"]
[Round "9.86"]
[White "Vachtfeidl, Petr"]
[Black "Barasi, Paul Dl"]
[Result "1-0"]
[WhiteElo "1983"]
[BlackElo "1736"]
[WhiteFideId "315028"]
[BlackFideId "432830"]
[EventDate "2015.12.04"]

1. e4 c5 2. Nf3 a6 3. Nc3 b5 4. d4 cxd4 5. Nxd4 Bb7 6. Bd3 b4 7. Na4 Qa5 8. b3
d6 9. O-O Nf6 10. Re1 g6 11. Bd2 Nfd7 12. a3 Bg7 13. Bxb4 Qc7 14. Bc3 O-O 15.
Ne2 Ne5 16. Nb2 f5 17. f4 Nxd3 18. Bxg7 Kxg7 19. cxd3 fxe4 20. dxe4 Nc6 21. Nc4
Rad8 22. Nd4 Nxd4 23. Qxd4+ Kg8 24. e5 Qc6 25. Ra2 Qc5 26. Rd2 Qxd4+ 27. Rxd4 d5
28. Na5 Ba8 29. Rc1 Rc8 30. Rxc8 Rxc8 31. Rd2 Rc5 32. b4 Rc3 33. Kf2 Kf7 34. Ke2
Rxa3 35. Rc2 d4 36. Rc8 Bxg2 37. Rd8 d3+ 38. Ke3 Bf1 39. Nc4 Ra2 40. Nd2 Be2 41.
h4 Rc2 42. Ne4 Rc6 43. Ng5+ Kg7 44. Re8 h6 45. Rxe7+ Kf8 46. Rc7 Rb6 47. Nh7+
Ke8 48. Nf6+ Kd8 49. Rg7 Rc6 50. Rxg6 Rc1 51. Rxh6 Bf1 52. Rh7 Kc8 53. h5 Rc2
54. Ne4 Rh2 55. h6 d2 56. Nxd2 Re2+ 57. Kf3 Rxd2 58. Rg7 Bc4 59. h7 Rd8 60. f5
Rf8 61. Ke4 Kd8 62. e6 Ke8 63. Ke5 Bd3 64. f6 a5 65. Rb7 1-0

[Event "London Classic Open 2015"]
[Site "London ENG"]
[Date "2015.12.11"]
[Round "9.87"]
[White "Misyura, Ilya"]
[Black "Xaxiris, E."]
[Result "0-1"]
[WhiteElo "1843"]
[BlackElo "1975"]
[WhiteFideId "434183"]
[BlackFideId "4206720"]
[EventDate "2015.12.04"]

1. d4 f5 2. c4 Nf6 3. Nc3 g6 4. f3 d6 5. d5 e5 6. dxe6 Bxe6 7. e4 Bg7 8. c5 O-O
9. cxd6 fxe4 10. Nb5 Na6 11. dxc7 Qxd1+ 12. Kxd1 Rac8 13. Bf4 Ne8 14. Bg5 Naxc7
15. Rc1 Rf5 16. Nxc7 Rxg5 17. f4 Bg4+ 18. Kd2 Rd8+ 19. Ke1 Ra5 20. Nxe8 Rxe8 21.
Rc7 Bxb2 22. Bc4+ Kh8 23. Rxb7 Bc3+ 24. Kf2 e3+ 25. Kg3 Bc8 26. Rc7 Be1+ 27. Kf3
h5 28. h3 g5 29. g4 gxf4 30. Ne2 Bf2 31. Nxf4 Rf8 32. Ke4 Rg5 33. Rb1 Bg3 34.
Rf1 Bxf4 35. Rxf4 Re8+ 36. Kd3 hxg4 37. hxg4 Bxg4 38. Rff7 Bf5+ 39. Ke2 Rg2+ 40.
Kd1 Rb8 41. Bb3 Bd3 42. Kc1 Rg1+ 43. Kb2 e2 44. Rf3 Rxb3+ 45. axb3 e1=Q 46. Rh3+
Kg8 47. Rc8+ Kg7 48. Rc7+ Kg6 0-1

[Event "London Classic Open 2015"]
[Site "London ENG"]
[Date "2015.12.11"]
[Round "9.89"]
[White "Klingher, Dominic"]
[Black "Taylor, William J"]
[Result "1/2-1/2"]
[WhiteElo "1758"]
[BlackElo "1962"]
[WhiteFideId "428850"]
[BlackFideId "423130"]
[EventDate "2015.12.04"]

1. e4 e5 2. f4 d5 3. exd5 exf4 4. Nf3 Nf6 5. c4 c6 6. d4 Bb4+ 7. Nc3 cxd5 8.
Bxf4 O-O 9. Be2 Be6 10. c5 Ne4 11. Qb3 Nc6 12. O-O Nxc5 13. dxc5 d4 14. Bc4 dxc3
15. Bxe6 Bxc5+ 16. Kh1 fxe6 17. Ng5 Nd4 18. Qxc3 Be7 19. Nh3 Bf6 20. Rad1 e5 21.
Be3 Rc8 22. Qb4 Qd7 23. Bg5 Rc6 24. Bxf6 Rcxf6 25. Rxf6 Rxf6 26. Ng5 Qf5 27.
Qc4+ Kh8 28. Ne4 Rc6 29. Qd5 h6 30. Nd6 Qf6 31. Nf7+ Kh7 32. Nxe5 Rd6 33. Qe4+
Qf5 34. Qxf5+ 1/2-1/2

[Event "London Classic Open 2015"]
[Site "London ENG"]
[Date "2015.12.11"]
[Round "9.90"]
[White "Prior, Stephen C V"]
[Black "Chen, Meng Boon Marcus"]
[Result "0-1"]
[WhiteElo "1959"]
[BlackElo "1715"]
[WhiteFideId "423378"]
[BlackFideId "5812470"]
[EventDate "2015.12.04"]

1. c4 e6 2. g3 d5 3. Bg2 Nf6 4. Nf3 Bd6 5. O-O O-O 6. Qc2 c5 7. d4 Nbd7 8. Nbd2
cxd4 9. Nxd4 Ne5 10. c5 Be7 11. Rd1 Qc7 12. b4 Ng6 13. a3 e5 14. Nb5 Qc6 15. Nc3
b6 16. Nb3 Rd8 17. b5 Qe6 18. c6 h6 19. a4 a5 20. Ba3 Ra7 21. Bxe7 Nxe7 22. Rd2
Rc7 23. Rad1 g6 24. Nc1 d4 25. e3 Nf5 26. N3e2 Re7 27. Nb3 h5 28. h3 g5 29. exd4
e4 30. Nc3 e3 31. Re2 Qd6 32. Qd3 Rde8 33. Rf1 exf2+ 34. Rexf2 Re3 35. Qd2 Qxg3
36. Nc1 g4 37. N1e2 Qh4 38. Rxf5 Bxf5 39. Rxf5 gxh3 40. Rf2 Ng4 41. Nd1 h2+ 42.
Kh1 Nxf2+ 43. Nxf2 Rxe2 0-1

[Event "London Classic Open 2015"]
[Site "London ENG"]
[Date "2015.12.11"]
[Round "9.92"]
[White "Rogers, Tim L"]
[Black "Modica, Jake"]
[Result "1-0"]
[WhiteElo "2075"]
[BlackElo "1736"]
[WhiteFideId "418137"]
[BlackFideId "442160"]
[EventDate "2015.12.04"]

1. e4 e6 2. d4 d5 3. Nc3 Nf6 4. Bg5 Bb4 5. exd5 Qxd5 6. Bxf6 gxf6 7. Ne2 Nc6 8.
Qd2 Bxc3 9. Qxc3 b6 10. O-O-O Bb7 11. Qb3 Qf5 12. d5 Na5 13. Qa4+ c6 14. b4 O-O
15. bxa5 bxa5 16. dxc6 Bxc6 17. Qxc6 Rfc8 18. Qa4 Rab8 19. Ng3 Qe5 20. Qg4+ Kf8
21. Qd4 Qc7 22. Qd6+ 1-0

[Event "London Classic Open 2015"]
[Site "London ENG"]
[Date "2015.12.11"]
[Round "9.93"]
[White "McKerracher, Douglas"]
[Black "Dror, Levi"]
[Result "1-0"]
[WhiteElo "1972"]
[BlackElo "1798"]
[WhiteFideId "2401002"]
[BlackFideId "2809583"]
[EventDate "2015.12.04"]

1. e4 e6 2. d3 d5 3. Nd2 Nf6 4. Ngf3 c5 5. g3 Be7 6. Bg2 O-O 7. O-O Nc6 8. Re1
Qc7 9. e5 Nd7 10. Qe2 Re8 11. Nf1 Bf8 12. Bf4 h6 13. h4 g6 14. N1h2 Bg7 15. Ng4
Kh7 16. c3 Qb6 17. Bh3 h5 18. Ngh2 f6 19. exf6 Bxf6 20. g4 hxg4 21. Nxg4 Nd8 22.
h5 gxh5 23. Nge5 Rg8+ 24. Kh1 Nxe5 25. Nxe5 Bxe5 26. Qxh5+ Kg7 27. Rg1+ 1-0

[Event "London Classic Open 2015"]
[Site "London ENG"]
[Date "2015.12.11"]
[Round "9.94"]
[White "Ditmas, Hugh"]
[Black "Knudsen, Andre"]
[Result "0-1"]
[WhiteElo "1941"]
[BlackElo "1756"]
[WhiteFideId "1270666"]
[BlackFideId "1723650"]
[EventDate "2015.12.04"]

1. d4 Nf6 2. c4 e6 3. Nf3 b6 4. g3 Bb7 5. Bg2 Bb4+ 6. Nbd2 c5 7. dxc5 Bxc5 8.
O-O O-O 9. e3 a5 10. Nb3 Be7 11. Nbd4 Qc7 12. b3 d5 13. Nb5 Qc8 14. Ne5 Rd8 15.
Qe2 Nc6 16. Nxc6 Bxc6 17. Nd4 Bb7 18. Bb2 dxc4 19. Bxb7 Qxb7 20. Qxc4 Rac8 21.
Qe2 Ne4 22. Qg4 Bf6 23. Rac1 Nd2 24. Rxc8 Rxc8 25. Rc1 Bxd4 26. Rxc8+ Qxc8 27.
exd4 Qc2 28. Qe2 Qxb2 29. d5 Qb1+ 0-1

[Event "London Classic Open 2015"]
[Site "London ENG"]
[Date "2015.12.11"]
[Round "9.95"]
[White "Rogiers, Jan"]
[Black "Dukaczewski, Piotr"]
[Result "1/2-1/2"]
[BlackTitle "IM"]
[WhiteElo "2145"]
[BlackElo "2280"]
[WhiteFideId "205109"]
[BlackFideId "1103520"]
[EventDate "2015.12.04"]

1. d4 Nf6 2. c4 g6 3. Nc3 Bg7 4. e4 d6 5. Be2 O-O 6. Nf3 e5 7. O-O Nc6 8. d5 Ne7
9. Ne1 Nd7 10. Nd3 f5 11. f3 Nf6 12. Bd2 f4 13. Rc1 g5 14. c5 Ng6 15. Nb5 Ne8
16. Ba5 dxc5 17. Be1 b6 18. b4 a6 19. Na3 cxb4 20. Nxb4 Nd6 21. Nc6 Qd7 22. Nc4
Nxc4 23. Bxc4 Kh8 24. Bb4 Bb7 25. a4 Rfe8 26. h3 Bf8 27. Qe2 Bxb4 28. Nxb4 Qxa4
29. Rb1 b5 30. Ba2 Qa5 31. Rfc1 Qb6+ 32. Kh1 Rad8 33. Nd3 Re7 34. Nc5 Bc8 35.
Qb2 h5 36. Nxa6 Bxa6 37. Rc6 Qd4 38. Rxg6 Qxb2 39. Rxb2 Rd6 40. Rxg5 Rh6 41. h4
Kh7 42. Rc2 b4 43. Rb2 Rb6 44. Rxh5+ Kg6 45. Rg5+ Kf6 46. Kh2 Bc8 47. Bb3 Rh7
48. g3 c5 49. dxc6 Rxc6 50. Bg8 Rh8 51. Rxb4 Rc2+ 52. Kg1 Rc1+ 53. Kg2 Rc2+ 1/2-1/2

[Event "London Classic Open 2015"]
[Site "London ENG"]
[Date "2015.12.11"]
[Round "9.97"]
[White "Fontaine, Olivier"]
[Black "Opasiak, Dustin Tennessee"]
[Result "0-1"]
[WhiteElo "1826"]
[BlackElo "1782"]
[WhiteFideId "666548"]
[BlackFideId "24630217"]
[EventDate "2015.12.04"]

1. d4 c5 2. d5 e5 3. e4 d6 4. Nd2 Nf6 5. Bb5+ Nbd7 6. a4 Be7 7. Ne2 O-O 8. Ng3
g6 9. O-O Ne8 10. Re1 Bg5 11. a5 a6 12. Bxd7 Bxd7 13. Nc4 Bxc1 14. Qxc1 Qh4 15.
Nb6 Rd8 16. f3 f5 17. exf5 gxf5 18. c3 Kh8 19. Qc2 f4 20. Ne4 Rg8 21. Qf2 Qh6
22. Nxd7 Rxd7 23. g4 fxg3 24. Nxg3 Nf6 25. Rad1 Nh5 26. Re4 Nf4 27. Kh1 Qh3 28.
Ne2 Rg2 0-1

[Event "London Classic Open 2015"]
[Site "London ENG"]
[Date "2015.12.11"]
[Round "9.98"]
[White "De Lagontrie, Jean"]
[Black "Kalerwa, Edwin M"]
[Result "0-1"]
[WhiteElo "1776"]
[BlackElo "1823"]
[WhiteFideId "605271"]
[BlackFideId "422223"]
[EventDate "2015.12.04"]

1. d4 Nf6 2. c4 d6 3. Nc3 g6 4. e4 Bg7 5. f4 c6 6. Nf3 O-O 7. Be2 a5 8. O-O Na6
9. h3 Nc7 10. Be3 Bd7 11. a4 Nh5 12. Kh2 Ne6 13. g3 Qc7 14. d5 Nd8 15. Nd4 Nf6
16. Qd3 e5 17. fxe5 dxe5 18. Nf3 cxd5 19. cxd5 Ne8 20. Rac1 Qb8 21. Bc5 Nd6 22.
g4 f5 23. gxf5 gxf5 24. Rg1 Rf6 25. Bf1 Kh8 26. Be3 N8f7 27. Ng5 f4 28. Nxf7+
Nxf7 29. Bf2 Rh6 30. Nb5 Qd8 31. Rc3 Ng5 32. Rxg5 Qxg5 33. b3 Rf8 34. Nc7 f3 35.
Ne6 Bxe6 36. dxe6 Rxe6 37. Be3 Qf6 38. Rc2 Rd8 39. Qb5 b6 40. Bf2 Bh6 41. Rc7
Bf4+ 42. Kh1 Rg8 43. Qd7 Qg6 44. Rc8 Rxc8 45. Qxc8+ Re8 46. Qc4 Rd8 47. Bh4 Rd1
48. Qc8+ Kg7 49. Qc4 Qg2# 0-1

[Event "London Classic Open 2015"]
[Site "London ENG"]
[Date "2015.12.11"]
[Round "9.99"]
[White "Chen, Yi Jing Alvin"]
[Black "Turner, David J"]
[Result "1/2-1/2"]
[WhiteElo "1621"]
[BlackElo "1811"]
[WhiteFideId "5804051"]
[BlackFideId "419737"]
[EventDate "2015.12.04"]

1. Nf3 Nf6 2. c4 g6 3. b4 Bg7 4. Bb2 d6 5. g3 Nbd7 6. Bg2 O-O 7. O-O a5 8. a3 e5
9. d3 axb4 10. axb4 Rxa1 11. Bxa1 Qe7 12. Nc3 Nb8 13. Qa4 Nc6 14. e3 Bf5 15. e4
Bc8 16. Nb5 Ne8 17. Na7 Bd7 18. Nxc6 Bxc6 19. b5 Bd7 20. Qa7 Bc8 21. Nd2 h5 22.
Nb1 Qd8 23. Nc3 f6 24. Nd5 Rf7 25. Qa5 Be6 26. Ne3 Qc8 27. Bc3 Bh6 28. Nc2 h4
29. Ra1 hxg3 30. hxg3 Qd7 31. Qa8 b6 32. Qb8 Qc8 33. Qxc8 Bxc8 34. Ra8 Bd7 35.
Nb4 Kf8 36. Na6 Be6 37. Bb4 Ke7 38. Ra7 Kf8 1/2-1/2

[Event "London Classic Open 2015"]
[Site "London ENG"]
[Date "2015.12.11"]
[Round "9.100"]
[White "Chilton, James I"]
[Black "Stokes, Paul C"]
[Result "1/2-1/2"]
[WhiteElo "1742"]
[BlackElo "1884"]
[WhiteFideId "423009"]
[BlackFideId "419010"]
[EventDate "2015.12.04"]

1. e4 c6 2. d4 d5 3. e5 Bf5 4. Nf3 e6 5. Be2 c5 6. Be3 cxd4 7. Nxd4 Ne7 8. Nc3
a6 9. g4 Bg6 10. h4 h5 11. gxh5 Bf5 12. Bg5 Qc7 13. Bxe7 Bxe7 14. Nxf5 exf5 15.
Nxd5 Qxe5 16. Nxe7 Qxe7 17. Qd4 Qe4 18. O-O-O Qxd4 19. Rxd4 Nc6 20. Rd3 Rd8 21.
Rhd1 Rxd3 22. Rxd3 Ke7 23. Rd5 Ke6 24. Bc4 Rxh5 25. Rb5+ Kd6 26. Bxf7 Rxh4 27.
Rxf5 Ne7 28. Rf3 Nc6 29. Rd3+ Kc7 30. Bd5 Nb4 31. Rc3+ Kd6 32. Bb3 Nc6 33. Rg3
Rh7 34. Bg8 Rh2 35. Rxg7 Ne7 36. Rh7 Rxf2 37. Rf7 Rxf7 38. Bxf7 a5 39. Kd2 Kc5
40. Kc3 b6 41. a3 Nf5 42. Be6 Nd6 43. b4+ axb4+ 44. axb4+ Kc6 45. Bc4 Ne4+ 46.
Kd4 Nd6 47. Bd3 Kc7 48. Kd5 Ne8 49. c4 Nd6 50. Bg6 Nb7 51. Be8 Nd6 52. Ba4 Nb7
53. Bb5 Nd6 54. Ke6 Ne4 55. Ba6 Nc3 56. Ke5 Na2 57. c5 Nxb4 58. cxb6+ Kxb6 1/2-1/2

[Event "London Classic Open 2015"]
[Site "London ENG"]
[Date "2015.12.11"]
[Round "9.103"]
[White "Verma, Aditya"]
[Black "Mohnblatt, Daniel"]
[Result "1-0"]
[WhiteElo "1805"]
[BlackElo "1766"]
[WhiteFideId "426202"]
[BlackFideId "648582"]
[EventDate "2015.12.04"]

1. e4 c6 2. d4 d5 3. Nd2 dxe4 4. Nxe4 Nd7 5. Nf3 Ngf6 6. Bd3 Nxe4 7. Bxe4 Nf6 8.
Bd3 Bg4 9. Be2 e6 10. O-O Bd6 11. c4 Qc7 12. h3 Bxf3 13. Bxf3 Bf4 14. Qb3 Bxc1
15. Raxc1 O-O 16. a3 Qd7 17. Qc3 Rfd8 18. Rfd1 Rac8 19. b4 Rc7 20. a4 a6 21. Qb3
b5 22. cxb5 cxb5 23. Rxc7 Qxc7 24. axb5 axb5 25. Qb2 h6 26. Rc1 Qd6 27. Rc5 Rb8
28. Qc3 Nd5 29. Bxd5 exd5 30. Qf3 Re8 31. g3 Re4 32. Qf5 Re6 33. Rc8+ 1-0

[Event "London Classic Open 2015"]
[Site "London ENG"]
[Date "2015.12.11"]
[Round "9.104"]
[White "Fernandez Aransay, Fernando"]
[Black "Shah, Dipak K"]
[Result "0-1"]
[WhiteElo "1826"]
[BlackElo "1837"]
[WhiteFideId "2216280"]
[BlackFideId "425842"]
[EventDate "2015.12.04"]

1. e4 c5 2. Nf3 Nc6 3. d4 cxd4 4. Nxd4 e5 5. Nb5 Nf6 6. Bd3 a6 7. N5a3 h6 8. O-O
Bc5 9. Nc3 O-O 10. Nd5 Nxd5 11. exd5 Ne7 12. c4 d6 13. Nc2 f5 14. Be3 Qc7 15. b4
Bxe3 16. fxe3 b5 17. cxb5 Nxd5 18. bxa6 Nc3 19. Qd2 e4 20. Be2 Nxe2+ 21. Qxe2
Bxa6 22. b5 Bxb5 23. Qxb5 Qxc2 24. Qd5+ Kh8 25. Qxd6 Rad8 26. Qf4 Rd2 27. Rf2
Rxf2 28. Qxf2 Qc3 29. Qe1 Qe5 30. a4 f4 31. exf4 Rxf4 32. Ra2 Qd4+ 33. Kh1 Qc4
34. Ra1 Qd4 35. h3 e3 36. Ra2 Rf2 37. Re2 Rxe2 38. Qxe2 Qd2 39. Qf3 e2 40. Qf8+
Kh7 41. Qf5+ Kg8 42. Qe6+ Kf8 43. Qf5+ Ke7 44. Qe5+ Kd8 45. Qb8+ Kd7 46. Qb5+
Ke6 47. Qe8+ Kf5 48. Qb5+ Ke4 49. Qc4+ Ke3 50. Qc5+ Kd3 51. Qf5+ Kc3 52. Qc5+
Kb2 53. Qb5+ Kc2 54. Qc4+ Kb2 55. Qb5+ Ka1 56. Qe5+ Qb2 0-1